| 000 | 00355nam a22001457a 4500 | ||
|---|---|---|---|
| 020 | _qPB. | ||
| 040 | _cFIZZA ISHAQ | ||
| 082 |
_a005.74 _bRAM |
||
| 100 |
_aELMASRI,RAMEZ. _989318 |
||
| 245 |
_aFUNDAMENTALS OF DATABASE SYSTEMS. _cRAMEZ ALMASRI. |
||
| 250 | _a7th ED. | ||
| 260 |
_aNEW YORK ; _bPEARSON, _c2020. |
||
| 300 | _a1242 P. ; | ||
| 942 |
_2ddc _cBK |
||
| 999 |
_c589722 _d589722 |
||